000 00904nam a22002415i 4500
001 159214
003 ES-MaACL
005 20250809034610.0
008 020903s1891 fr |||| | fre d
040 _aCCPB | B
_bspa
_cCCPB | B
100 1 _aMaus, Isidore.
_9129749
245 1 0 _aDe la justice pénale
_b: étude philosophique sur le droit de punir /
_cpar Isidore Maus.
250 _a2ème éd.
260 _aParis :
_bancienne Librairie Germer Baillière et C\pie\s, Félix Alcan, éditeur,
_c1891 (
_eBrux. :
_fImprim. V\pe\s Ferdinand Larcier)
300 _a228 p. ;
_c18 cm.
490 1 _aBibliothèque de philosophie contemporaine
650 7 _aDerecho penal
_2embne
_911749
752 _aFrancia -
_dParís
752 _aBélgica -
_dBruselas
830 0 _aBibliothèque de philosophie contemporaine
_9181027
852 _aES-MaACL
_jF-11859
_z-- Enc. hol.
999 _c159214
_d159214